Pakistan Economic Survey 2016-17 (Record no. 330178)

000 -LEADER
fixed length control field nam a22 7a 4500
003 - CONTROL NUMBER IDENTIFIER
control field NUST
005 - DATE AND TIME OF LATEST TRANSACTION
control field 20170613092911.0
008 - FIXED-LENGTH DATA ELEMENTS--GENERAL INFORMATION
fixed length control field 170613b xxu||||| |||| 00| 0 eng d
040 ## - CATALOGING SOURCE
Transcribing agency 0
082 ## - DEWEY DECIMAL CLASSIFICATION NUMBER
Classification number 330.95491
100 ## - MAIN ENTRY--PERSONAL NAME
Relator code Government of Pakistan
245 ## - TITLE STATEMENT
Title Pakistan Economic Survey 2016-17
Statement of responsibility, etc. Government of Pakistan
260 ## - PUBLICATION, DISTRIBUTION, ETC.
Place of publication, distribution, etc. Islamabad
Name of publisher, distributor, etc. Finance division
Date of publication, distribution, etc. 2017
300 ## - PHYSICAL DESCRIPTION
Extent 182p
942 ## - ADDED ENTRY ELEMENTS (KOHA)
Source of classification or shelving scheme
Koha item type Book
Holdings
Withdrawn status Lost status Source of classification or shelving scheme Damaged status Not for loan Collection code Permanent Location Current Location Shelving location Date acquired Total Checkouts Full call number Barcode Date last seen Price effective from Koha item type
            Central Library (CL) Central Library (CL) General Stacks 06/13/2017   330.95491 PAK S3H-R-376 11/20/2024 06/13/2017 Book
© 2023 Central Library, National University of Sciences and Technology. All Rights Reserved.